Radar scanners and radomes, (Record no. 545715)

000 -LEADER
fixed length control field 00707cam a22001811 4500
082 ## - DEWEY DECIMAL CLASSIFICATION NUMBER
Classification number 621.3848
Author Mark RAD
-- L-11 P-27
100 1# - MAIN ENTRY--PERSONAL NAME
Personal name Cady, Willoughby Miller,
9 (RLIN) 41670
245 10 - TITLE STATEMENT
Title Radar scanners and radomes,
Statement of responsibility, etc. ed. by W. M. Cady, M. B. Karelitz [and] Louis A. Turner [under the supervision of the] Office of Scientific Research and Development, National Defense Research Committee.
250 ## - EDITION STATEMENT
Edition statement 1st ed.
260 ## - PUBLICATION, DISTRIBUTION, ETC.
Place of publication, distribution, etc. New York,
Name of publisher, distributor, etc. McGraw-Hill Book Co.,
Date of publication, distribution, etc. 1948.
300 ## - PHYSICAL DESCRIPTION
Extent xvi, 491 p.
Other physical details illus.
Dimensions 24 cm.
526 ## - STUDY PROGRAM INFORMATION NOTE
Program name 0
Interest level 0
Reading level 0
Title point value 621_384800000000000_RAD
650 #0 - SUBJECT ADDED ENTRY--TOPICAL TERM
Topical term or geographic name entry element MCE
9 (RLIN) 379
650 #0 - SUBJECT ADDED ENTRY--TOPICAL TERM
Topical term or geographic name entry element Radar.
9 (RLIN) 28728
700 1# - ADDED ENTRY--PERSONAL NAME
Personal name Karelitz, Micheal B.,
9 (RLIN) 41671
700 1# - ADDED ENTRY--PERSONAL NAME
Personal name Turner, Louis Alexander,
9 (RLIN) 41672
942 ## - ADDED ENTRY ELEMENTS (KOHA)
Source of classification or shelving scheme
Koha item type Book
Holdings
Withdrawn status Lost status Source of classification or shelving scheme Damaged status Not for loan Permanent Location Current Location Date acquired Total Checkouts Full call number Barcode Date last seen Date last checked out Price effective from Koha item type
          Military College of Engineering (MCE) Military College of Engineering (MCE) 05/28/2014 1 621.3848 RAD MCE-40214 05/28/2014 05/28/2014 05/28/2014 Book
© 2023 Central Library, National University of Sciences and Technology. All Rights Reserved.